000 01181nam a2200289 c 4500
003 BLK
005 20180420231533.0
008 180409b bul|||||r ||||||| ||bul||
010 _aKNG00126865000
040 _aBLK
041 _aBUL
_cBUL
080 _aБългарска литература
_b821.163.2
_x-32
_z821.163.2-32
100 1 _aАнтов, Ясен Петров
_eпърви автор
_9283491
700 1 _aАндреев, Велин Велимиров
_eсъавт.
_9317024
139 _aАнтов, Ясен Петров и др.
_bА 75
245 1 0 _aГрупова снимка пред Айфеловата кула
_bХуморист. разкази
_cЯсен Петров Антов; съавт. Велин Велимиров Андреев.
257 _aBGR
260 София
_bв. Стършел
_c1981
300 _a64 с.
_bс ил.
_c17 см
380 _aX
490 1 _aБиблиотека Стършел
_v295
852 _aЦб І 18727
856 4 _qpdf
_u
856 4 _qpdf
_u
942 _cKNG
_n0
944 _aCR
_c02.02.2012
_l02.02.2012 - от С1,Р / 02.02.2012
_kЛюбомир_Делиганев
944 _aED
_c02.02.2012
_l02.02.2012 - от С1,Р / 02.02.2012
_k
999 _c121243
_d121243